00731nam a2200229Ia 4500008004100000020002000041040001400061082002200075100003400097245002100131250001000152260005100162300001900213365002800232366000800260505002000268530000900288620013900297630002100436650002300457730002100480100315s9999 xx 000 0 und d a81-7040-662-5  cENGLISH  b2943 a658.848  a"Rathor, B.S., Rathor, J.S. " aExport Marketing a3rd  aMumbai bHimalaya Publishing House  c1993  a"XVI,754p.  " eRupees d1 b325.00  f0  gTushar Jadhav  b-   a"The Outlook for Export Marketing, Export Business Environment, Export Marketing Research, Institutional Infrastructure for Exports " aExport Marketing aExport Marketing  aExport Marketing